| 000 | 01263nam a2200265 i 4500 | ||
|---|---|---|---|
| 001 | 97796 | ||
| 003 | ES-MaACL | ||
| 005 | 20250823063053.0 | ||
| 007 | t| | ||
| 008 | 050718q1948 sp ||||1| spa d | ||
| 100 | 1 |
_aEza, Luis Marichalar y Monreal, _cVizconde de, _d1873-1945 _976705 |
|
| 245 | 1 | 0 |
_aAntología de las obras del Excmo. Señor Vizconde de Eza / _cprecedidas de un propósito de don Pedro Antonio Barquerizo, y un prólogo de don León Martín-Granizo, y avaloradas con estudios especiales... de Pedro Sangro y Ros de Olano ... [et al.]. |
| 260 |
_aMadrid : _bEscuela Social de Madrid, _c[1948?] |
||
| 300 |
_aXXXIX, 1037 p., 1 retr. autor ; _c18 cm. |
||
| 490 | 1 |
_aBiblioteca Eza ; _v1 |
|
| 505 | 8 | _aContiene: El vizconde de Eza, agrarista, economista, sociólogo, político . El vizconde de Eza según sus coetáneos. | |
| 600 | 1 | 4 |
_aEza, Luis Marichalar y Monreal, _cVizconde de, _d1873-1945 _976705 |
| 700 | 1 |
_aBaquerizo, Pedro Antonio. _925257 |
|
| 700 | 1 |
_aMartín-Granizo, León. _977517 |
|
| 700 | 1 |
_aSangro y Ros de Olano, Pedro, _cMarqués de Guad-el-Jelú. _9103144 |
|
| 710 | 2 |
_aEscuela Social de Madrid. _93593 |
|
| 830 | 1 |
_aBiblioteca Eza ; _v1 _9232298 |
|
| 852 |
_aES-MaACL _jB-13488 |
||
| 999 |
_c97796 _d97796 |
||